LEADER 01357nam a22002771i 4500 001 991004041739707536 005 20040723143639.0 008 040802s1975 it 00 0 ita d 035 $ab13163449-39ule_inst 035 $aARCHE-111605$9ExL 040 $aBiblioteca Interfacoltà$bita$cA.t.i. Arché s.c.r.l. Pandora Sicilia s.r.l. 082 04$a333.3 082 0 $a346.043 245 02$aL'affitto di fondi rustici nei paesi della Comunità europea /$c[a cura della] Camera dei Deputati, Segretariato generale 260 $a[Roma] :$bServizio studi legislazione e inchieste parlamentari,$cstampa 1975 300 $aXIV, 471 p. ;$c24 cm 440 0$aQuaderni di studi e legislazione ;$v20 650 4$aAffitto rustico$xLegislazione$xPaesi della Comunità economica europea 710 1 $aItalia.$bParlamento.$bCamera dei deputati : Segretariato generale 907 $a.b13163449$b02-04-14$c05-08-04 912 $a991004041739707536 945 $aLE002 Atti Parlamentari 44/001$g1$i2002000431882$lle002$nC. 1$o-$pE0.00$q-$rn$so $t0$u0$v0$w0$x0$y.i1380277x$z05-08-04 945 $aLE027 346.04 CDD01.01$g1$i2027000304042$lle027$op$pE15.00$q-$rl$s- $t0$u0$v0$w0$x0$y.i15171851$z16-09-10 996 $aAffitto di fondi rustici nei paesi della Comunità europea$9312092 997 $aUNISALENTO 998 $ale002$ale027$b05-08-04$cm$da $e-$fita$git $h2$i1 LEADER 01237nam a2200385 i 4500 001 991001164069707536 005 20020507184424.0 008 940602s1993 ||| ||| | eng 020 $a3540562354 035 $ab10809636-39ule_inst 035 $aLE01308048$9ExL 040 $aDip.to Matematica$beng 082 0 $a516.3604 084 $aAMS 53-01 084 $aAMS 53-02 084 $aAMS 53A55 084 $aAMS 53C05 084 $aAMS 58-01 084 $aAMS 58-02 084 $aAMS 58A20 100 1 $aKolar, Ivan$060084 245 10$aNatural operations in differential geometry /$cIvan Kolar, Peter W. Michor, Jan Slovak 260 $aBerlin :$bSpringer-Verlag,$cc1993 300 $avi, 434 p. ;$c24 cm. 650 4$aAnalysis on manifolds 650 4$aDifferential invariants 650 4$aGlobal analysis 700 1 $aMichor, Peter W. 700 1 $aSlovak, Jan 907 $a.b10809636$b21-09-06$c28-06-02 912 $a991001164069707536 945 $aLE013 53-XX KOL11 (1993)$g1$i2013000128764$lle013$o-$pE0.00$q-$rl$s- $t0$u2$v1$w2$x0$y.i10914870$z28-06-02 996 $aNatural operations in differential geometry$9382838 997 $aUNISALENTO 998 $ale013$b01-01-94$cm$da $e-$feng$gxx $h0$i1